| 000 | 00445nam a2200181Ia 4500 | ||
|---|---|---|---|
| 001 | 16575 | ||
| 005 | 20260306170319.0 | ||
| 008 | 260306t2022||||xx |||||||||||||| ||und|| | ||
| 041 | _aESP | ||
| 082 |
_a348.7 _bA69 |
||
| 100 |
_aArévalo Vela, Javier, _eAUT |
||
| 245 | 0 | _aEl derecho colectivo del trabajo y sus fuentes | |
| 260 | _c2022 | ||
| 300 |
_a62 páginas : _c20 cm. |
||
| 650 | _aGEN | ||
| 654 | _aCDE | ||
| 942 |
_cLIB _dJUS _fJUS _2ddc _n |
||
| 999 |
_c16575 _d16575 |
||